Сергей Михайлович Ратов. Записка о создании общеобразовательного театра "Дом Островского" и программа драматических при нем курс...

RUSMARC
00005305cbc2a2200241#x 450
001d98a49de-b339-4925-b099-84703b7c6b8b
00520230320172409.0
100##$a20200922l19151917k l0rusy0189 ca
1010#$arus
102##$aRU
105##$ay###
1222#$ad1915######
$ad1917######
2001#$aСергей Михайлович Ратов. Записка о создании общеобразовательного театра "Дом Островского" и программа драматических при нем курсов имени Марии Гавриловны Савиной
$j[1915-1917] гг.
215##$a23 листа
$d36,5х26 см
251##$cДело
300##$aРукописный и машинописный текст
371##$aДокумент не является опубликованным и широко распространяемым
461#0$1001db61d72f-43f2-409f-8a83-e0351aa81d78
$12001
$aМолчанов Анатолий Евграфович (1856-1921), вице-президент Русского театрального общества, редактор журнала "Ежегодник императорских театров", председатель правления Русского общества пароходства и торговли
$1251
$cФонд
$1852
$j678
462#0$10019dad07dd-c609-4d13-9b36-4e45395a7de5
$12001
$a1791-1921 гг.
$vД. 1052
$1251
$cОпись
$1852
$j1
801#0$aRU
$bРГИА
$c20200922
801#1$aRU
$bГлавНИВЦ
$c20200922
$2rusmarc
801#2$aRU
$bПБ им. Б.Н. Ельцина
$c20210810
$gRCR
$2rusmarc
850##$aФедеральное казенное учреждение "Российский государственный исторический архив"
852##$aРГИА
$j1052
937##$hРГИА
$d12322355
$aASBIBLIO_SCAN
035##$aRusGRCC00024479
856##$uhttp://readingroom.main.prlib.ru/item.aspx?id_node=n167127013&mode=full
330##$aСоздание новых театров
600#1$2prlib_sh
$3LIBNET\UAF\0000106638
$aОстровский
$bА.Н.
$f1823 - 1886
$gАлександр Николаевич
$jАрхивные дела
$xУвековечение памяти
600#1$2nlr_sh
$3RU\NLR\AUTH\661006853
$aСавина
$bМ.Г.
$f1854 - 1915
$gМария Гавриловна
$jАрхивные дела
605##$2acquisition_Prlib
$3LIBNET\UAF\0000106615
$aА. Н. Островский
$lколлекция
605##$2acquisition_Prlib
$3DITM\AF\0000003865
$aРусский язык
$lколлекция
686##$2rubbk
$a83.3(2=Рус)5-8Островский.ю1
$vLBC/M
Формат отображения